RICS joins Society for the Environment (Record no. 77850)
[ view plain ]
| 000 -LEADER | |
|---|---|
| fixed length control field | 01288cab a2200205 4500 |
| 001 - CONTROL NUMBER | |
| control field | ##L135269 |
| 008 - FIXED-LENGTH DATA ELEMENTS--GENERAL INFORMATION | |
| fixed length control field | 061009n2006 000 0 eng u |
| 035 ## - SYSTEM CONTROL NUMBER | |
| System control number | (Sirsi) u135269 |
| 041 0# - LANGUAGE CODE | |
| Language code of text/sound track or separate title | eng |
| 110 2# - MAIN ENTRY--CORPORATE NAME | |
| Corporate name or jurisdiction name as entry element | Royal Institution of Chartered Surveyors |
| Subordinate unit | Public Affairs |
| 9 (RLIN) | 4679 |
| 245 00 - TITLE STATEMENT | |
| Title | RICS joins Society for the Environment |
| 260 ## - PUBLICATION, DISTRIBUTION, ETC. | |
| Date of publication, distribution, etc. | 2006 |
| 490 #0 - SERIES STATEMENT | |
| Series statement | RICS Website News |
| Volume/sequential designation | 29 September 2006 |
| 520 ## - SUMMARY, ETC. | |
| Summary, etc. | RICS has joined the Society for the Environment (SocEnv) as a constituent and licensed body. RICS will from October 2006 be able to award the chartered environmentalist (CEnv) qualification to Members and Fellows with suitable credentials. The CEnv qualification establishes professional environmentalists on a par with other professionals such as chartered engineers. SocEnv is an independent, non-political umbrella regulatory and qualifying organisation of 14 professional institutions and learned societies with a prime focus on sustainable environmental management. |
| 590 ## - LOCAL NOTE (RLIN) | |
| Local note | IKA171006 |
| 651 #4 - SUBJECT ADDED ENTRY--GEOGRAPHIC NAME | |
| Geographic name | United Kingdom |
| Chronological subdivision | |
| 690 ## - LOCAL SUBJECT ADDED ENTRY--TOPICAL TERM (OCLC, RLIN) | |
| Topical term or geographic name as entry element | CAREERS, EDUCATION AND TRAINING-RICS POST-QUALIFICATION CERTIFICATION SCHEMES |
| 856 40 - ELECTRONIC LOCATION AND ACCESS | |
| Uniform Resource Identifier | <a href="https://www.rics.org/RICSWEB/getpage.aspx?p=e_BibLLIQUOPTuv-Xua8Lw">https://www.rics.org/RICSWEB/getpage.aspx?p=e_BibLLIQUOPTuv-Xua8Lw</a> |
| Public note | View the announcement free of charge on www.rics.org... |
| 942 ## - ADDED ENTRY ELEMENTS (KOHA) | |
| Suppress in OPAC | 0 |
| Withdrawn status | Lost status | Source of classification or shelving scheme | Damaged status | Not for loan | Home library | Current library | Shelving location | Date acquired | Total Checkouts | Full call number | Barcode | Date last seen | Copy number | Price effective from | Koha item type |
|---|---|---|---|---|---|---|---|---|---|---|---|---|---|---|---|
| Dewey Decimal Classification | Virtual | Virtual | Online | 09/10/2006 | ONLINE PUBLICATION | 135269-2001 | 06/08/2019 | 1 | 06/08/2019 | Journal article |